header

Creating moments of joy for the person with Alzheimer's or Dementia (Record no. 21014)

MARC details
000 -LEADER
fixed length control field 01412nam a22003374a 4500
082 04 - DEWEY DECIMAL CLASSIFICATION NUMBER
Classification number 362.1/96831
100 1# - MAIN ENTRY--AUTHOR NAME
Personal name Brackey, Jolene.
245 10 - TITLE STATEMENT
Title Creating moments of joy for the person with Alzheimer's or Dementia
260 ## - PUBLICATION, DISTRIBUTION, ETC. (IMPRINT)
Place of publication West Lafayette, Ind. :
Name of publisher Purdue University Press,
Year of publication c2000.
300 ## - PHYSICAL DESCRIPTION
Number of Pages xvi, 187 p.
500 ## - GENERAL NOTE
General note Originally published: Creating moments of joy. Polk City, Iowa : Enhanced living, c2000.
650 #0 - SUBJECT ADDED ENTRY--TOPICAL TERM
Topical Term Alzheimer's disease
Topical Term Caregivers.
Topical Term Quality of life.
856 40 - ELECTRONIC LOCATION AND ACCESS
Uniform Resource Identifier http://site.ebrary.com/lib/rucke/Doc?id=5006007

No items available.

© 2026 Rongo University
Contact us: librarian | system librarian | Rongo university